00449 2200169 4500001002100000005001500021035002000036245006600056100001700122250001700139300003500156260003400191082000800225084001400233020002200247650001000269INLIS00000000000106020250502101838 a0010-05250000041 aKumpulan Cerita Anak Muslim Berkarakter Hebat /cLina Herlina0 aLina Herlina aCetakan ke-1 avi, 122 hlm :bIlus ;c25,5 cm aSolo :bTiga Serangkai,c2019 a813 a813 LIN k a978-623-206-217-7 4aFiksi